[Event "International Championship of Central S"]
[Site "Paracin"]
[Date "2014.07.11"]
[Round "9.28"]
[White "Tosic, Dragoljub"]
[Black "Raykov, Stefan"]
[Result "0-1"]
[WhiteElo "1952"]
[BlackElo "1845"]
[PlyCount "56"]
[EventDate "2014.07.04"]

1. d4 d5 2. Nf3 Nf6 3. c4 dxc4 4. Qa4+ Nc6 5. Qxc4 Be6 6. Qa4 a6 7. Nc3 b5 8.
Qd1 Bf5 9. Bg5 Ne4 10. Bf4 Nb4 11. Rc1 Nxc3 12. Rxc3 Nd5 13. Rc5 e6 14. Bd2
Bxc5 15. dxc5 Qe7 16. b4 O-O 17. g3 a5 18. a3 axb4 19. axb4 Qf6 20. Bg5 Qb2 21.
Bc1 Qxb4+ 22. Qd2 Rfd8 23. Ne5 Ra1 24. Nd3 Bxd3 25. Qxb4 Nxb4 26. exd3 Nxd3+
27. Ke2 Nxc1+ 28. Ke3 Nb3 0-1

[Event "International Championship of Central S"]
[Site "Paracin"]
[Date "2014.07.11"]
[Round "9.29"]
[White "Trifunovic, Borisav"]
[Black "Mitev, Valentin"]
[Result "1/2-1/2"]
[WhiteElo "1951"]
[BlackElo "1640"]
[PlyCount "41"]
[EventDate "2014.07.04"]

1. d4 Nf6 2. c4 g6 3. Nc3 d5 4. cxd5 Nxd5 5. e4 Nxc3 6. bxc3 Bg7 7. Be3 O-O 8.
Nf3 c5 9. Qd2 Qa5 10. Rb1 Nc6 11. Rb5 Qa3 12. Rxc5 Rd8 13. Qc1 Qxc1+ 14. Bxc1
Bg4 15. Be2 Rac8 16. Be3 b6 17. Rd5 Rxd5 18. exd5 Na5 19. Bd2 Nc4 20. Bxc4 Rxc4
21. Ke2 1/2-1/2

[Event "International Championship of Central S"]
[Site "Paracin"]
[Date "2014.07.11"]
[Round "9.30"]
[White "Jovicic, Radisa"]
[Black "Vlajkovic, Stanko"]
[Result "0-1"]
[WhiteElo "1639"]
[BlackElo "1946"]
[PlyCount "61"]
[EventDate "2014.07.04"]

1. e4 c5 2. Nc3 e6 3. Nf3 a6 4. d4 cxd4 5. Nxd4 Qc7 6. Bd3 Nf6 7. Bg5 Be7 8.
O-O O-O 9. Re1 d6 10. Re3 Qc5 11. Nf3 Nbd7 12. h3 b5 13. a3 Bb7 14. Qe1 Rfe8
15. Rd1 h6 16. Bh4 Bf8 17. b4 Qc7 18. Nh2 Rac8 19. Nb1 e5 20. Nd2 d5 21. Bxf6
Nxf6 22. Ng4 Nxg4 23. hxg4 d4 24. Rh3 Re6 25. Qe2 Rg6 26. Nf3 Be7 27. Nd2 Qd7
28. f3 Bg5 29. Nb3 Be7 30. Ra1 Qe6 31. Rf1 {unreadable} 0-1